[Event "Excelsior September op"]
[Site "Toronto CAN"]
[Date "2023.09.07"]
[Round "4.7"]
[White "Ouellet, Maili Jade"]
[Black "Oancea, Nicolae"]
[Result "1-0"]
[WhiteElo "2284"]
[BlackElo "1765"]
[PlyCount "81"]
[EventDate "2023.09.06"]
[EventType "swiss"]
[EventRounds "9"]
[EventCountry "CAN"]
[Source "ChessMix "]
[SourceDate "2023.09.20"]

1. d4 d5 2. c4 dxc4 3. Nf3 a6 4. e3 b5 5. a4 Bb7 6. b3 b4 7. Bxc4 e6 8. O-O Nd7
9. Bb2 Ngf6 10. Nbd2 Be7 11. Be2 O-O 12. Nc4 Ne4 13. Rc1 Ndf6 14. Na5 Bd5 15.
Nc6 Qe8 16. Nfe5 Bd6 17. f3 Nc3 18. Bxc3 bxc3 19. Na5 Ba3 20. e4 Bxc1 21. Qxc1
Bxb3 22. Nxb3 Qxa4 23. Qxc3 Rfb8 24. Bc4 Qb4 25. Qxb4 Rxb4 26. Na5 Nd7 27. Nec6
Rb2 28. Ra1 Nb8 29. Ne5 Kf8 30. d5 Ke7 31. dxe6 fxe6 32. Rd1 Rb6 33. Kf2 Rd6
34. Rb1 Rb6 35. Rc1 g5 36. Be2 c6 37. h4 gxh4 38. f4 Rb2 39. Ke3 Ra2 40. Nac4
Ra7 41. Rb1 1-0

[Event "Excelsior September op"]
[Site "Toronto CAN"]
[Date "2023.09.08"]
[Round "5.4"]
[White "Sambuev, Bator"]
[Black "Joseph, Jonath"]
[Result "1-0"]
[WhiteElo "2480"]
[BlackElo "1896"]
[PlyCount "51"]
[EventDate "2023.09.06"]
[EventType "swiss"]
[EventRounds "9"]
[EventCountry "CAN"]
[Source "ChessMix "]
[SourceDate "2023.09.20"]

1. d4 Nf6 2. Nf3 d5 3. e3 c6 4. c4 Nbd7 5. cxd5 cxd5 6. Bd3 e6 7. Ne5 Bd6 8. f4
O-O 9. Nc3 Ne8 10. O-O Bxe5 11. fxe5 f6 12. Qh5 g6 13. Qh4 Ng7 14. exf6 Rxf6
15. Rf3 Qf8 16. Rh3 h5 17. e4 Rf7 18. Bd2 Nb6 19. Rg3 Qb4 20. e5 Qxb2 21. Rd1
Nc4 22. Bxg6 Rd7 23. Bh6 Nxe5 24. dxe5 Qb6+ 25. Kh1 Qc7 26. Qf6 1-0

[Event "Excelsior September op"]
[Site "Toronto CAN"]
[Date "2023.09.08"]
[Round "5.6"]
[White "Singh Dhaliwal, Jaipreet"]
[Black "Moses, Neil"]
[Result "1/2-1/2"]
[WhiteElo "1898"]
[BlackElo "1913"]
[PlyCount "181"]
[EventDate "2023.09.06"]
[EventType "swiss"]
[EventRounds "9"]
[EventCountry "CAN"]
[Source "ChessMix "]
[SourceDate "2023.09.20"]

1. e4 c5 2. Nf3 d6 3. d4 cxd4 4. Nxd4 Nf6 5. Nc3 a6 6. Be3 e5 7. Nb3 Be6 8. f3
Be7 9. Qd2 h5 10. O-O-O Nbd7 11. Kb1 b5 12. Nd5 Bxd5 13. exd5 Nb6 14. Bxb6 Qxb6
15. Na5 Rc8 16. Nc6 Nxd5 17. Nxe7 Nxe7 18. Qxd6 Qxd6 19. Rxd6 Rc6 20. Rxc6 Nxc6
21. a4 Na7 22. axb5 axb5 23. c3 Ke7 24. b4 f5 25. Bd3 Ke6 26. Kc2 Rb8 27. Ra1
Nc8 28. Ra6+ Nd6 29. Bxf5+ Kd5 30. Bd3 g5 31. Kd2 g4 32. Ke3 gxf3 33. gxf3 Rc8
34. Kd2 Rf8 35. Ke3 Rc8 36. Kd2 Rf8 37. Ke2 Rc8 38. Ra3 h4 39. Kf2 e4 40. Be2
Ke5 41. Ra5 Rxc3 42. Bxb5 Rxf3+ 43. Ke1 Nxb5 44. Rxb5+ Kd4 45. Rb8 Rh3 46. Rd8+
Kc3 47. Rd2 e3 48. Re2 Kxb4 49. Kf1 Rf3+ 50. Kg2 Rf4 51. Rxe3 Kc4 52. Kh3 Kd5
53. Re8 Rf2 54. Re7 Kd6 55. Re4 Kd5 56. Re1 Rf4 57. Re8 Kd6 58. Re2 Kd5 59. Re3
Kd6 60. Kg2 Kd5 61. Re8 Kd6 62. Re2 Kd5 63. Re7 Kd6 64. Re8 Kd5 65. Kh3 Kd6 66.
Re3 Kd5 67. Re7 Kd6 68. Re8 Kd5 69. Re1 Kd6 70. Re2 Kd5 71. Re3 Kd4 72. Re6 Kd5
73. Re7 Kd6 74. Re8 Kd5 75. Re2 Kd6 76. Re1 Kd5 77. Re8 Kd6 78. Rd8+ Ke5 79.
Re8+ Kd6 80. Rd8+ Ke5 81. Ra8 Kd6 82. Ra7 Ke6 83. Ra6+ Ke7 84. Ra7+ Ke6 85. Rh7
Ra4 86. Rh8 Kf5 87. Rf8+ Kg5 88. Rg8+ Kh5 89. Rh8+ Kg5 90. Rg8+ Kh5 91. Rh8+
1/2-1/2

[Event "Excelsior September op"]
[Site "Toronto CAN"]
[Date "2023.09.08"]
[Round "5.7"]
[White "Oancea, Nicolae"]
[Black "Huh, Isaak"]
[Result "0-1"]
[WhiteElo "1765"]
[BlackElo "2027"]
[PlyCount "118"]
[EventDate "2023.09.06"]
[EventType "swiss"]
[EventRounds "9"]
[EventCountry "CAN"]
[Source "ChessMix "]
[SourceDate "2023.09.20"]

1. c4 Nf6 2. g3 e6 3. Bg2 d5 4. b3 Be7 5. Bb2 O-O 6. e3 c5 7. Ne2 Nc6 8. O-O
dxc4 9. bxc4 Qd3 10. Na3 Rd8 11. Bc3 Ne4 12. Qa4 Nxc3 13. Nxc3 Qxd2 14. Nab5
Nb4 15. Be4 Bd7 16. Bxb7 Rab8 17. Qxa7 Bxb5 18. Nxb5 Qd7 19. Bg2 Qxa7 20. Nxa7
Bf6 21. a3 Bxa1 22. axb4 Bf6 23. bxc5 Rb2 24. c6 Be5 25. Nb5 Rc8 26. Rd1 Kf8
27. f4 Bc7 28. Nxc7 Rxc7 29. Rd7 Rxd7 30. cxd7 Ke7 31. Bc6 f6 32. h4 Kd8 33.
Kf1 Kc7 34. Bb5 f5 35. Ba4 Ra2 36. Bb5 g6 37. Kg1 Re2 38. Kf1 Rxe3 39. Kf2 Rc3
40. Kg2 Re3 41. Kf2 Re4 42. Kf3 e5 43. fxe5 Rxe5 44. Kf4 Re4+ 45. Kf3 Rg4 46.
Kf2 h6 47. Kf3 h5 48. Kf2 f4 49. gxf4 Rxh4 50. Kf3 Rg4 51. Bc6 g5 52. fxg5 Rxg5
53. Kf4 Rg4+ 54. Kf5 Rg3 55. Kf4 h4 56. Bb5 Rc3 57. Ke5 h3 58. Kd4 Rg3 59. Bc6
h2 0-1

[Event "Excelsior September op"]
[Site "Toronto CAN"]
[Date "2023.09.09"]
[Round "6.2"]
[White "Sambuev, Bator"]
[Black "Mikhalevski, Victor"]
[Result "1/2-1/2"]
[WhiteElo "2480"]
[BlackElo "2511"]
[PlyCount "74"]
[EventDate "2023.09.06"]
[EventType "swiss"]
[EventRounds "9"]
[EventCountry "CAN"]
[Source "ChessMix "]
[SourceDate "2023.09.20"]

1. d4 Nf6 2. c4 g6 3. Nc3 d5 4. cxd5 Nxd5 5. e4 Nxc3 6. bxc3 Bg7 7. Bc4 c5 8.
Ne2 Nc6 9. Be3 O-O 10. h4 cxd4 11. cxd4 Na5 12. Bd3 Nc6 13. e5 Qa5+ 14. Qd2
Qxd2+ 15. Kxd2 Rd8 16. Rab1 f6 17. exf6 Bxf6 18. h5 Nxd4 19. hxg6 hxg6 20. Nxd4
Bxd4 21. Bxg6 Bf6+ 22. Ke2 Be6 23. Bh7+ Kf8 24. Be4 Bxa2 25. Rxb7 a5 26. g4 Bd5
27. Bxd5 Rxd5 28. g5 Bg7 29. Bc1 Re5+ 30. Kf1 a4 31. Rh3 Kg8 32. Rg3 Rea5 33.
Ba3 Be5 34. Rd3 Bd6 35. Bxd6 exd6 36. Rxd6 Rxg5 37. Rdd7 a3 1/2-1/2

[Event "Excelsior September op"]
[Site "Toronto CAN"]
[Date "2023.09.09"]
[Round "6.5"]
[White "Park, Haneul"]
[Black "Moses, Neil"]
[Result "0-1"]
[WhiteElo "1405"]
[BlackElo "1913"]
[PlyCount "148"]
[EventDate "2023.09.06"]
[EventType "swiss"]
[EventRounds "9"]
[EventCountry "CAN"]
[Source "ChessMix "]
[SourceDate "2023.09.20"]

1. d4 Nf6 2. c4 e6 3. Nf3 d5 4. Nc3 c6 5. e3 Nbd7 6. Qc2 Bd6 7. Bd3 dxc4 8.
Bxc4 b5 9. Bd3 Bb7 10. O-O a6 11. Ne4 Nxe4 12. Bxe4 Rc8 13. b3 Nf6 14. Bb2 Nxe4
15. Qxe4 Qe7 16. Qd3 O-O 17. Rac1 Rfd8 18. Qe2 c5 19. dxc5 Bxc5 20. Rfd1 Bd6
21. e4 e5 22. g3 Qe6 23. Rxc8 Rxc8 24. Qd3 Bc7 25. Nh4 g6 26. Ng2 Rd8 27. Qe2
Rxd1+ 28. Qxd1 Bxe4 29. Qe2 Bb7 30. Ne3 Qc6 31. f3 Qxf3 32. Qxf3 Bxf3 33. Kf2
e4 34. Nd5 Bd6 35. Nf6+ Kf8 36. Nxh7+ Ke7 37. Ng5 Bc5+ 38. Kf1 Be3 39. Nh3 Ke6
40. Ng1 Kf5 41. Ne2 Kg4 42. Ng1 f5 43. Bf6 g5 44. Bc3 f4 45. Be1 Bd1 46. h3+
Kf5 47. Ne2 f3 48. g4+ Ke6 49. Nc3 Bc2 50. Bg3 Bd4 51. Nxe4 Bxe4 52. h4 gxh4
53. Bxh4 Bb1 54. a3 Ba2 55. b4 Bb2 56. Kf2 Bd5 57. g5 Bxa3 58. g6 Bxb4 59. g7
Kf7 60. Bg3 Kxg7 61. Be5+ Kg6 62. Bd4 Kf5 63. Be3 a5 64. Bc1 a4 65. Bb2 Ke4 66.
Ba1 a3 67. Bf6 a2 68. Ba1 Kd3 69. Bf6 Bc3 70. Bxc3 Kxc3 71. Kg3 a1=Q 72. Kf2
Qb2+ 73. Kg3 f2 74. Kg4 f1=Q 0-1

[Event "Excelsior September op"]
[Site "Toronto CAN"]
[Date "2023.09.09"]
[Round "6.6"]
[White "Joseph, Jonath"]
[Black "Singh Dhaliwal, Jaipreet"]
[Result "1-0"]
[WhiteElo "1896"]
[BlackElo "1898"]
[PlyCount "143"]
[EventDate "2023.09.06"]
[EventType "swiss"]
[EventRounds "9"]
[EventCountry "CAN"]
[Source "ChessMix "]
[SourceDate "2023.09.20"]

1. e4 c5 2. Nf3 d6 3. c3 Nf6 4. Be2 Bd7 5. d3 g6 6. O-O Bg7 7. Re1 O-O 8. Bf1
e5 9. d4 cxd4 10. cxd4 exd4 11. Nxd4 Qb6 12. Nb3 Bc6 13. Nc3 Re8 14. Be3 Qd8
15. f3 d5 16. Bd3 dxe4 17. fxe4 Nbd7 18. Bg5 Ne5 19. Bf1 Qc7 20. Bxf6 Bxf6 21.
Rc1 Qb6+ 22. Kh1 Rad8 23. Nd5 Bxd5 24. exd5 h5 25. Be2 Bg5 26. Rc3 Qd6 27. Nc5
Qb8 28. Ne4 Be7 29. d6 Rxd6 30. Nxd6 Bxd6 31. Rh3 Bf8 32. Rf1 Bg7 33. Qb3 Re7
34. Bf3 b6 35. Qd5 Rd7 36. Qb3 Rd3 37. Qc2 Qd8 38. Rd1 Rxd1+ 39. Qxd1 Qc7 40.
Be2 Qc5 41. Rc3 Qf2 42. h3 Qf6 43. Rc7 a5 44. b3 Kh7 45. Rb7 Qf2 46. Qf1 Qe3
47. Bc4 Kh6 48. Re7 Qc5 49. Rb7 Qe3 50. Qg1 Qxg1+ 51. Kxg1 Nxc4 52. bxc4 Bd4+
53. Kf1 f6 54. Ke2 Kg5 55. Kd3 Bg1 56. Ke4 Kh4 57. Rg7 g5 58. Kf3 f5 59. g4
Kxh3 60. gxh5 g4+ 61. Ke2 Bd4 62. Rd7 Bh8 63. Rd8 Be5 64. Rd5 f4 65. Rxe5 Kg2
66. Rf5 f3+ 67. Ke3 a4 68. h6 b5 69. h7 bxc4 70. h8=Q a3 71. Qh4 g3 72. Rxf3
1-0

[Event "Excelsior September op"]
[Site "Toronto CAN"]
[Date "2023.09.09"]
[Round "7.2"]
[White "Moses, Neil"]
[Black "Almeida Quintana, Omar"]
[Result "0-1"]
[WhiteElo "1913"]
[BlackElo "2504"]
[PlyCount "86"]
[EventDate "2023.09.06"]
[EventType "swiss"]
[EventRounds "9"]
[EventCountry "CAN"]
[Source "ChessMix "]
[SourceDate "2023.09.20"]

1. e4 g6 2. d4 Bg7 3. Nc3 d6 4. Bc4 Nf6 5. Nge2 O-O 6. O-O Nc6 7. h3 Nxe4 8.
Bxf7+ Rxf7 9. Nxe4 d5 10. N4g3 e5 11. dxe5 Nxe5 12. c3 c6 13. b3 Qh4 14. f4 Nd7
15. Qc2 Nf8 16. Be3 Bh6 17. Rf3 Ne6 18. Raf1 Ng7 19. Nd4 Bd7 20. a4 Re8 21. Qf2
c5 22. Nb5 Bxb5 23. axb5 b6 24. Qd2 Rd7 25. f5 Rxe3 26. Rxe3 Qxg3 27. Rxg3 Bxd2
28. fxg6 hxg6 29. Rd3 Bg5 30. Rg3 Bd2 31. Rd1 Nf5 32. Rxg6+ Kf7 33. Rg4 Be3+
34. Kh2 d4 35. Re4 Nd6 36. Rf1+ Kg8 37. Rg4+ Rg7 38. Rxg7+ Kxg7 39. c4 Ne4 40.
Ra1 d3 41. Rxa7+ Kf6 42. Rd7 Bd4 43. b4 d2 0-1

[Event "Excelsior September op"]
[Site "Toronto CAN"]
[Date "2023.09.09"]
[Round "7.5"]
[White "Park, Haneul"]
[Black "Joseph, Jonath"]
[Result "1/2-1/2"]
[WhiteElo "1405"]
[BlackElo "1896"]
[PlyCount "92"]
[EventDate "2023.09.06"]
[EventType "swiss"]
[EventRounds "9"]
[EventCountry "CAN"]
[Source "ChessMix "]
[SourceDate "2023.09.20"]

1. d4 Nf6 2. c4 e6 3. Nf3 d5 4. Nc3 c6 5. e3 Nbd7 6. Qc2 Bd6 7. Bd3 O-O 8. O-O
dxc4 9. Bxc4 b5 10. Bd3 Bb7 11. e4 e5 12. h3 Re8 13. dxe5 Nxe5 14. Nxe5 Bxe5
15. Be3 Qe7 16. Ne2 Bc7 17. Bc5 Qe5 18. f4 Qxc5+ 19. Qxc5 Bb6 20. Qxb6 axb6 21.
Ng3 Red8 22. Rfd1 b4 23. Nf5 g6 24. e5 gxf5 25. exf6 Bc8 26. Be4 Be6 27. Bxc6
Rac8 28. Bb7 Rb8 29. a3 b3 30. Rac1 h6 31. Bf3 Rbc8 32. Rxc8 Rxc8 33. Bd5 Rc2
34. Bxe6 fxe6 35. Rd6 Kf7 36. Rxb6 Rxb2 37. a4 Ra2 38. Rxb3 Rxa4 39. Rf3 Kxf6
40. Kh2 Re4 41. Rf2 h5 42. Rf3 h4 43. Rf2 Kg6 44. Rf3 Kf6 45. Rf2 Kg6 46. Rf3
Kf6 1/2-1/2

[Event "Excelsior September op"]
[Site "Toronto CAN"]
[Date "2023.09.09"]
[Round "7.6"]
[White "Singh Dhaliwal, Jaipreet"]
[Black "Oancea, Nicolae"]
[Result "1-0"]
[WhiteElo "1898"]
[BlackElo "1765"]
[PlyCount "137"]
[EventDate "2023.09.06"]
[EventType "swiss"]
[EventRounds "9"]
[EventCountry "CAN"]
[Source "ChessMix "]
[SourceDate "2023.09.20"]

1. e4 c5 2. Nf3 g6 3. d4 cxd4 4. Nxd4 Bg7 5. Nc3 Nc6 6. Be3 a6 7. Bc4 Nf6 8.
Nxc6 bxc6 9. e5 Ng8 10. Bd4 Nh6 11. e6 O-O 12. Bxg7 Kxg7 13. Qd4+ f6 14. exd7
Qxd7 15. Qxd7 Bxd7 16. O-O-O Be8 17. Ne4 Bf7 18. Bxf7 Kxf7 19. Rd7 Rfd8 20. Rc7
Nf5 21. Nc5 Rdc8 22. Rxc8 Rxc8 23. Rd1 Nh4 24. g3 Nf3 25. h4 h5 26. a4 a5 27.
Nb7 Ra8 28. Nd8+ Ke8 29. Nxc6 Ra6 30. Nd4 Nxd4 31. Rxd4 e5 32. Rd5 Ke7 33. c4
Ke6 34. Kd2 g5 35. Ke3 Rb6 36. Rb5 Ra6 37. hxg5 fxg5 38. Ke4 Kf6 39. c5 Ra8 40.
Rb6+ Kg7 41. Kf5 Rf8+ 42. Kxg5 Rxf2 43. c6 Kf7 44. Rb5 Rc2 45. Rxe5 Rxb2 46.
Rc5 Rb8 47. c7 Rc8 48. Kxh5 Kg7 49. Kg5 Kf7 50. Kf5 Ke7 51. Ke5 Kd7 52. g4 Re8+
53. Kf6 Kc8 54. g5 Rf8+ 55. Kg7 Rf4 56. Rxa5 Kxc7 57. g6 Kd7 58. Kg8 Ke7 59.
Ra7+ Ke8 60. Ra8+ Ke7 61. Ra7+ Ke8 62. g7 Rh4 63. Ra8+ Ke7 64. Ra7+ Ke8 65. Ra5
Rh2 66. Re5+ Kd7 67. Kf7 Rf2+ 68. Kg6 Kd6 69. Rg5 1-0

[Event "Excelsior September op"]
[Site "Toronto CAN"]
[Date "2023.09.10"]
[Round "8.3"]
[White "Moses, Neil"]
[Black "Mikhalevski, Victor"]
[Result "0-1"]
[WhiteElo "1913"]
[BlackElo "2511"]
[PlyCount "90"]
[EventDate "2023.09.06"]
[EventType "swiss"]
[EventRounds "9"]
[EventCountry "CAN"]
[Source "ChessMix "]
[SourceDate "2023.09.20"]

1. e4 e5 2. Nf3 Nc6 3. Bb5 a6 4. Ba4 b5 5. Bb3 Na5 6. O-O d6 7. c3 Nxb3 8. axb3
Nf6 9. Re1 Bb7 10. d3 Be7 11. b4 O-O 12. Nbd2 h6 13. Nf1 Re8 14. Ng3 Bf8 15. b3
d5 16. Bb2 dxe4 17. dxe4 Qxd1 18. Raxd1 Bc8 19. Rd2 g6 20. Bc1 Kg7 21. Rd3 Bd6
22. Be3 Be6 23. Rb1 a5 24. bxa5 Rxa5 25. b4 Ra3 26. Bc1 Ra4 27. Nd2 Rea8 28.
Nb3 Bxb3 29. Rxb3 Ra1 30. Rd1 h5 31. f3 R8a2 32. Nf1 c5 33. Rd2 Ra6 34. Bb2 Rb1
35. Kf2 c4 36. Ra3 Rxa3 37. Bxa3 Bc7 38. Bb2 Bb6+ 39. Ke2 h4 40. g4 Nh7 41. Ba3
Bg1 42. Rc2 Ng5 43. Bc1 Nh3 44. Bd2 Bb6 45. Be1 Ng1+ 0-1

[Event "Excelsior September op"]
[Site "Toronto CAN"]
[Date "2023.09.10"]
[Round "8.4"]
[White "Singh Dhaliwal, Jaipreet"]
[Black "Sambuev, Bator"]
[Result "0-1"]
[WhiteElo "1898"]
[BlackElo "2480"]
[PlyCount "120"]
[EventDate "2023.09.06"]
[EventType "swiss"]
[EventRounds "9"]
[EventCountry "CAN"]
[Source "ChessMix "]
[SourceDate "2023.09.20"]

1. e4 e5 2. Nf3 Nc6 3. Bc4 Nf6 4. d3 h6 5. c3 d6 6. Be3 g6 7. Nbd2 Bg7 8. O-O
O-O 9. Bb3 Ng4 10. Qe1 Na5 11. h3 Nxe3 12. fxe3 Nxb3 13. axb3 d5 14. exd5 Qxd5
15. Qe2 c5 16. e4 Qe6 17. Nc4 Bd7 18. Ne3 Bc6 19. c4 f5 20. Nd5 Bxd5 21. exd5
Qd6 22. Kh1 a5 23. Nh2 b6 24. g4 Ra7 25. Rf2 Raf7 26. Raf1 Qe7 27. gxf5 gxf5
28. Rg2 e4 29. Rfg1 Kh7 30. dxe4 Qxe4 31. Qh5 Qf4 32. Nf3 Bf6 33. Ng5+ Bxg5 34.
Rxg5 Rf6 35. Rg7+ Kh8 36. Re7 a4 37. Rgg7 Qc1+ 38. Kh2 Qxb2+ 39. Kh1 Rd6 40.
Rh7+ Kg8 41. Rhg7+ Qxg7 42. Rxg7+ Kxg7 43. Qh4 Rg6 44. Qe7+ Rf7 45. Qe5+ Rgf6
46. Qg3+ Kh7 47. bxa4 f4 48. Qf3 Rg6 49. h4 Kg7 50. Qc3+ Kg8 51. Qf3 Kf8 52. a5
bxa5 53. Qf2 f3 54. Qxc5+ Kg8 55. Qf2 Rg2 56. Qf1 Rg4 57. Qf2 Rff4 58. Kh2 Rg2+
59. Qxg2+ fxg2 60. Kxg2 Rxc4 0-1

[Event "Excelsior September op"]
[Site "Toronto CAN"]
[Date "2023.09.10"]
[Round "8.5"]
[White "Oancea, Nicolae"]
[Black "Park, Haneul"]
[Result "0-1"]
[WhiteElo "1765"]
[BlackElo "1405"]
[PlyCount "96"]
[EventDate "2023.09.06"]
[EventType "swiss"]
[EventRounds "9"]
[EventCountry "CAN"]
[Source "ChessMix "]
[SourceDate "2023.09.20"]

1. b4 d5 2. Bb2 Nf6 3. e3 Bf5 4. Nf3 e6 5. a3 Nbd7 6. c4 c6 7. Be2 Be7 8. O-O
O-O 9. d3 a5 10. Nbd2 axb4 11. a4 Nc5 12. Ne5 Nfd7 13. Nxd7 Nxd7 14. d4 b6 15.
Nb3 Bg6 16. Qd2 Ra7 17. Rfc1 Qa8 18. Bd1 Rc8 19. c5 bxc5 20. dxc5 Rxa4 21. Rxa4
Qxa4 22. Ra1 Qb5 23. Ra7 Rd8 24. Be2 Qb8 25. Ra4 Nxc5 26. Rxb4 Nxb3 27. Qc3 d4
28. Rxb8 dxc3 29. Rxd8+ Bxd8 30. Bxc3 Ba5 31. Bb2 c5 32. f3 Nd2 33. e4 c4 34.
Kf2 c3 35. Ba3 f5 36. exf5 Bxf5 37. Bb5 c2 38. g4 Bg6 39. Ke3 Nb3 40. Bc4 c1=Q+
41. Bxc1 Nxc1 42. Bxe6+ Bf7 43. Bf5 h6 44. h4 Kf8 45. g5 h5 46. g6 Be8 47. Be4
Ke7 48. Kf4 Kf6 0-1

[Event "Excelsior September op"]
[Site "Toronto CAN"]
[Date "2023.09.10"]
[Round "9.1"]
[White "Park, Haneul"]
[Black "Almeida Quintana, Omar"]
[Result "0-1"]
[WhiteElo "1405"]
[BlackElo "2504"]
[PlyCount "86"]
[EventDate "2023.09.06"]
[EventType "swiss"]
[EventRounds "9"]
[EventCountry "CAN"]
[Source "ChessMix "]
[SourceDate "2023.09.20"]

1. d4 d6 2. Nf3 g6 3. c4 Bg7 4. Nc3 Bg4 5. h3 Bxf3 6. exf3 Nc6 7. Be3 e5 8. d5
Nd4 9. Bd3 Ne7 10. Bxd4 exd4 11. Ne2 O-O 12. O-O c6 13. dxc6 bxc6 14. Rb1 a5
15. Re1 Qc7 16. Be4 Qb6 17. Qd2 Rab8 18. Ng3 Rfe8 19. f4 Bh6 20. Bf3 c5 21. Re2
Qc7 22. Ne4 Kg7 23. Ng5 Ng8 24. Rbe1 Rxe2 25. Rxe2 Nf6 26. Qe1 Kf8 27. g3 a4
28. Kg2 Bg7 29. h4 h6 30. Ne4 d3 31. Rd2 Re8 32. Rxd3 Nxe4 33. Bxe4 Bd4 34. Qd2
Rxe4 35. f5 Kg7 36. fxg6 fxg6 37. Rf3 Re6 38. Qc2 Qc6 39. b3 Rf6 40. Qe2 g5 41.
h5 g4 42. Qe7+ Kg8 43. Qd8+ Kf7 0-1

[Event "Excelsior September op"]
[Site "Toronto CAN"]
[Date "2023.09.10"]
[Round "9.4"]
[White "Sambuev, Bator"]
[Black "Moses, Neil"]
[Result "1-0"]
[WhiteElo "2480"]
[BlackElo "1913"]
[PlyCount "98"]
[EventDate "2023.09.06"]
[EventType "swiss"]
[EventRounds "9"]
[EventCountry "CAN"]
[Source "ChessMix "]
[SourceDate "2023.09.20"]

1. d4 Nf6 2. c4 e6 3. Nc3 Bb4 4. e3 O-O 5. Bd3 d5 6. Nf3 dxc4 7. Bxc4 c5 8. O-O
b6 9. Qe2 cxd4 10. exd4 Bb7 11. Rd1 h6 12. Bf4 Nd5 13. Nxd5 Bxd5 14. Bd3 Nd7
15. a3 Be7 16. Ba6 Nb8 17. Bb5 Bd6 18. Ne5 Qe7 19. Rac1 a6 20. Bd3 Qb7 21. Qg4
f5 22. Qg3 Bxe5 23. dxe5 b5 24. Be2 Kh7 25. Bf3 Bxf3 26. Qxf3 Qxf3 27. gxf3 Ra7
28. Be3 Rb7 29. Rd6 Re8 30. b4 Kg6 31. f4 Kf7 32. Kf1 Ree7 33. Ke2 Rec7 34. Rc5
Rxc5 35. Bxc5 g5 36. Ke3 Rc7 37. Rd8 Nd7 38. Bd6 Ra7 39. Rh8 Kg7 40. Re8 Nb6
41. fxg5 hxg5 42. Rxe6 Nc4+ 43. Kd4 Nxa3 44. Bc5 Ra8 45. Rf6 Rd8+ 46. Rd6 Ra8
47. e6 Kf6 48. e7+ Kf7 49. Rd8 Nc2+ 1-0

[Event "Forcing Moves First Spring-2"]
[Site "Mississauga CAN"]
[Date "2023.05.27"]
[Round "1.1"]
[White "Brajkovic, Nikola"]
[Black "Lin, Benjamin"]
[Result "1/2-1/2"]
[WhiteElo "2013"]
[BlackElo "2122"]
[PlyCount "104"]
[EventDate "2023.05.27"]
[EventType "swiss"]
[EventRounds "5"]
[EventCountry "CAN"]

1. e4 c5 2. Nf3 e6 3. d4 cxd4 4. Nxd4 Nc6 5. Nxc6 bxc6 6. Bd3 d5 7. O-O Nf6 8.
Bg5 Be7 9. e5 Nd7 10. Bxe7 Qxe7 11. Qe1 Nc5 12. Qc3 Bb7 13. Be2 Ne4 14. Qe3 a5
15. Nd2 Nxd2 16. Qxd2 O-O 17. c3 Ba6 18. Rfe1 Rfb8 19. Rac1 c5 20. h3 Bxe2 21.
Rxe2 Rb6 22. Rc2 a4 23. Qf4 h6 24. Red2 Qe8 25. Qe3 Qc6 26. f3 Rab8 27. Qf2 c4
28. a3 Rb5 29. g3 Kf8 30. Kg2 Qb6 31. f4 Ke7 32. Kf3 Qb7 33. Qd4 Qc7 34. g4 Qd7
35. Kg3 R8b6 36. Qf2 Qc7 37. Qe3 Qb7 38. Qe2 Qc8 39. Qe3 Qb8 40. Qe2 Qc8 41.
Qe3 Qc5 42. Qxc5+ Rxc5 43. Kf2 Rc8 44. Ke3 f6 45. Kd4 g6 46. Rg2 Rf8 47. Rcf2
fxe5+ 48. fxe5 Rbb8 49. h4 g5 50. hxg5 hxg5 51. Rh2 Rxf2 52. Rxf2 Rc8 1/2-1/2

[Event "Forcing Moves First Spring-2"]
[Site "Mississauga CAN"]
[Date "2023.05.27"]
[Round "1.2"]
[White "Bordas, Gyula"]
[Black "Ghnatios, Ralph"]
[Result "1/2-1/2"]
[WhiteElo "2082"]
[BlackElo "1950"]
[PlyCount "72"]
[EventDate "2023.05.27"]
[EventType "swiss"]
[EventRounds "5"]
[EventCountry "CAN"]

1. e4 c5 2. Nf3 g6 3. d4 cxd4 4. Nxd4 Bg7 5. Nc3 Nc6 6. Be3 Nf6 7. Bc4 O-O 8.
Bb3 d6 9. f3 Bd7 10. Qd2 Nxd4 11. Bxd4 b5 12. O-O-O a5 13. a4 bxa4 14. Nxa4 Rb8
15. Nc3 Rb4 16. Bxf6 Bxf6 17. Nd5 Bg7 18. Nxb4 axb4 19. Qxb4 Qc7 20. Rd3 Ra8
21. Kd2 Qa7 22. Ke2 Kf8 23. Rb1 Rb8 24. Qc4 Be6 25. Qa4 Qxa4 26. Bxa4 Bc4 27.
b3 f5 28. Rbd1 fxe4 29. fxe4 Bxd3+ 30. Kxd3 e6 31. c4 Ke7 32. Rf1 h6 33. Rf2
Rf8 34. Ra2 Rf1 35. Re2 Rd1+ 36. Rd2 Rxd2+ 1/2-1/2

[Event "Forcing Moves First Spring-2"]
[Site "Mississauga CAN"]
[Date "2023.05.27"]
[Round "1.3"]
[White "Qian, Eric"]
[Black "Chipanga, Takaedza"]
[Result "1-0"]
[WhiteElo "1877"]
[BlackElo "2072"]
[PlyCount "81"]
[EventDate "2023.05.27"]
[EventType "swiss"]
[EventRounds "5"]
[EventCountry "CAN"]

1. Nf3 c5 2. c4 Nc6 3. Nc3 g6 4. g3 Bg7 5. Bg2 e5 6. d3 Nge7 7. Bg5 h6 8. Be3
d6 9. O-O O-O 10. a3 a6 11. Rb1 f5 12. b4 cxb4 13. axb4 e4 14. dxe4 Bxc3 15. c5
fxe4 16. Qb3+ d5 17. Qxc3 exf3 18. Bxf3 d4 19. Qb3+ Kh7 20. Bf4 Bf5 21. Rbd1 d3
22. e4 Bh3 23. Bg2 Bxg2 24. Kxg2 Qd4 25. Qxd3 Qxd3 26. Rxd3 Rfd8 27. Rb3 Rd4
28. b5 axb5 29. Rxb5 Rxe4 30. Rxb7 Ra7 31. Rfb1 Rxb7 32. Rxb7 g5 33. Bd6 Kg6
34. Rb6 Kg7 35. Rb7 Kf7 36. Kf3 Re6 37. h4 Rf6+ 38. Kg2 g4 39. Bf4 Re6 40. Rd7
h5 41. Rd2 1-0

[Event "Forcing Moves First Spring-2"]
[Site "Mississauga CAN"]
[Date "2023.05.27"]
[Round "2.1"]
[White "Zhao, Jifan"]
[Black "Qian, Eric"]
[Result "1-0"]
[WhiteElo "1873"]
[BlackElo "1877"]
[PlyCount "63"]
[EventDate "2023.05.27"]
[EventType "swiss"]
[EventRounds "5"]
[EventCountry "CAN"]

1. e4 c5 2. Nf3 d6 3. Bb5+ Nc6 4. d4 cxd4 5. Qxd4 Bd7 6. Bxc6 Bxc6 7. Nc3 h6 8.
Be3 Nf6 9. O-O-O e5 10. Qd3 Be7 11. Kb1 Qa5 12. Bd2 Qc7 13. Nb5 Qd7 14. Nc3 b5
15. Nh4 g6 16. g3 Qb7 17. Rhe1 b4 18. Nd5 Nxd5 19. exd5 Bxd5 20. Bc1 Be6 21. f4
Rd8 22. f5 Bxh4 23. fxe6 Be7 24. Rf1 f5 25. g4 Qe4 26. Qb5+ Kf8 27. gxf5 gxf5
28. Rxf5+ Qxf5 29. Rf1 Qf6 30. Rxf6+ Bxf6 31. Qb7 Be7 32. Qf3+ 1-0

[Event "Forcing Moves First Spring-2"]
[Site "Mississauga CAN"]
[Date "2023.05.27"]
[Round "2.2"]
[White "Lin, Benjamin"]
[Black "Bordas, Gyula"]
[Result "1-0"]
[WhiteElo "2122"]
[BlackElo "2082"]
[PlyCount "41"]
[EventDate "2023.05.27"]
[EventType "swiss"]
[EventRounds "5"]
[EventCountry "CAN"]

1. d4 e6 2. c4 c5 3. d5 exd5 4. cxd5 d6 5. Nc3 g6 6. e4 Bg7 7. f4 Bxc3+ 8. bxc3
Nf6 9. Nf3 O-O 10. e5 dxe5 11. fxe5 Nxd5 12. Bh6 Re8 13. Bc4 Be6 14. O-O Nxc3
15. Qb3 Ne2+ 16. Kh1 Nc6 17. Bxe6 fxe6 18. Qxb7 Ne7 19. Ng5 Qd5 20. Rf7 Qxe5
21. Raf1 1-0

[Event "Forcing Moves First Spring-2"]
[Site "Mississauga CAN"]
[Date "2023.05.27"]
[Round "2.3"]
[White "Ghnatios, Ralph"]
[Black "Botello, Daniel"]
[Result "1-0"]
[WhiteElo "1950"]
[BlackElo "1840"]
[PlyCount "77"]
[EventDate "2023.05.27"]
[EventType "swiss"]
[EventRounds "5"]
[EventCountry "CAN"]

1. e4 e5 2. Nf3 d5 3. exd5 Bd6 4. Bb5+ c6 5. dxc6 bxc6 6. Bc4 e4 7. Qe2 Qe7 8.
Nd4 Nf6 9. d3 Be5 10. c3 exd3 11. Bxd3 O-O 12. f4 Bd6 13. Qxe7 Bxe7 14. O-O Rd8
15. Be2 Bc5 16. Rd1 Bb6 17. Na3 Bg4 18. Rf1 c5 19. Nf3 Nc6 20. Nc4 Bc7 21. h3
Be6 22. Nce5 Ne7 23. Be3 Ned5 24. Bxc5 Nxf4 25. Ba6 Ne4 26. Be3 Nd5 27. Bd4
Rab8 28. Nc6 Rd6 29. Nxb8 Bxb8 30. Bd3 Ng3 31. Kf2 Nf4 32. Ng5 Nxd3+ 33. Kf3
Nf5 34. Nxe6 fxe6 35. g4 Ne7 36. Rad1 Rd8 37. Bc5 Nd5 38. c4 Rc8 39. cxd5 1-0